[Event "Wroclaw"]
[Site "?"]
[Date "2020.08.27"]
[Round "7.5"]
[White "Luczak, Filip"]
[Black "Suder, Jakub"]
[Result "1-0"]
[BlackElo "2031"]
[WhiteElo "1891"]
[LiveChessVersion "1.4.8"]

1. Nf3 {[%clk 0:03:03]} e6 {[%clk 0:03:03]} 2. g3 {[%clk 0:03:04]} d5
{[%clk 0:03:04]} 3. Bg2 {[%clk 0:03:05]} Nf6 {[%clk 0:03:05]} 4. O-O
{[%clk 0:03:06]} Be7 {[%clk 0:03:07]} 5. d3 {[%clk 0:03:02]} c5 {[%clk 0:03:06]}
6. Nbd2 {[%clk 0:03:03]} Nc6 {[%clk 0:03:07]} 7. e4 {[%clk 0:03:04]} b6
{[%clk 0:03:05]} 8. e5 {[%clk 0:02:59]} Nd7 {[%clk 0:03:05]} 9. Re1
{[%clk 0:03:01]} Qc7 {[%clk 0:03:07]} 10. Qe2 {[%clk 0:03:02]} Bb7
{[%clk 0:03:08]} 11. Nf1 {[%clk 0:02:24]} h6 {[%clk 0:03:08]} 12. c3
{[%clk 0:02:13]} a6 {[%clk 0:03:05]} 13. d4 {[%clk 0:02:09]} a5 {[%clk 0:03:01]}
14. Ne3 {[%clk 0:01:39]} c4 {[%clk 0:02:55]} 15. b3 {[%clk 0:01:37]} cxb3
{[%clk 0:02:35]} 16. axb3 {[%clk 0:01:37]} Ba6 {[%clk 0:02:31]} 17. Qd2
{[%clk 0:01:38]} b5 {[%clk 0:02:26]} 18. Bb2 {[%clk 0:01:08]} Nb6
{[%clk 0:02:24]} 19. Rec1 {[%clk 0:01:01]} Qd7 {[%clk 0:02:14]} 20. Bf1
{[%clk 0:00:57]} O-O {[%clk 0:02:10]} 21. Ne1 {[%clk 0:00:51]} b4
{[%clk 0:01:55]} 22. Nd3 {[%clk 0:00:46]} Qb7 {[%clk 0:01:31]} 23. Nc5
{[%clk 0:00:37]} Bxc5 {[%clk 0:01:30]} 24. dxc5 {[%clk 0:00:38]} Nd7
{[%clk 0:01:28]} 25. c4 {[%clk 0:00:37]} Ndxe5 {[%clk 0:01:15]} 26. Bg2
{[%clk 0:00:29]} d4 {[%clk 0:00:45]} 27. Nc2 {[%clk 0:00:19]} Rfd8
{[%clk 0:00:37]} 28. Nxd4 {[%clk 0:00:20]} Qd7 {[%clk 0:00:28]} 29. Qe2
{[%clk 0:00:13]} Bb7 {[%clk 0:00:17]} 30. Nb5 {[%clk 0:00:10]} Ng6
{[%clk 0:00:07]} 31. Nd6 {[%clk 0:00:09]} Qc7 {[%clk 0:00:05]} 32. Nxb7
{[%clk 0:00:08]} Qxb7 {[%clk 0:00:07]} 33. Qe4 {[%clk 0:00:09]} Rac8
{[%clk 0:00:08]} 34. Rd1 {[%clk 0:00:09]} Qc7 {[%clk 0:00:05]} 35. Rxd8+ Nxd8
{[%clk 0:00:06]} 36. Bd4 {[%clk 0:00:05]} Nc6 {[%clk 0:00:06]} 37. Be3
{[%clk 0:00:06]} Nce7 {[%clk 0:00:05]} 38. Qb7 {[%clk 0:00:05]} Nf5
{[%clk 0:00:05]} 39. Qxc7 Rxc7 {[%clk 0:00:06]} 40. Rxa5 {[%clk 0:00:07]} Nxe3
{[%clk 0:00:07]} 41. fxe3 {[%clk 0:00:08]} Ne5 {[%clk 0:00:08]} 42. c6
{[%clk 0:00:07]} Nd3 {[%clk 0:00:08]} 43. Rb5 {[%clk 0:00:06]} Kf8
{[%clk 0:00:08]} 44. Rb7 {[%clk 0:00:07]} Rc8 {[%clk 0:00:09]} 45. Be4
{[%clk 0:00:04]} Nc5 {[%clk 0:00:10]} 46. c7 Nxe4 {[%clk 0:00:09]} 47. Rb8
{[%clk 0:00:04]} Nd6 {[%clk 0:00:10]} 48. Rxb4 {[%clk 0:00:05]} Ke7
{[%clk 0:00:11]} 49. c5 {[%clk 0:00:04]} Nf5 {[%clk 0:00:12]} 50. e4
{[%clk 0:00:06]} Ne3 {[%clk 0:00:12]} 51. Kf2 {[%clk 0:00:06]} Nc2
{[%clk 0:00:14]} 52. Rc4 {[%clk 0:00:07]} Na3 {[%clk 0:00:10]} 53. Ra4
{[%clk 0:00:08]} Nb5 {[%clk 0:00:11]} 54. Ke3 {[%clk 0:00:06]} Rxc7
{[%clk 0:00:12]} 55. b4 {[%clk 0:00:07]} Nc3 {[%clk 0:00:12]} 56. Ra3
{[%clk 0:00:08]} Nb5 {[%clk 0:00:12]} 57. Ra5 {[%clk 0:00:09]} Na7
{[%clk 0:00:13]} 58. Ra6 {[%clk 0:00:08]} Rb7 {[%clk 0:00:11]} 59. Kd3
{[%clk 0:00:06]} Kd7 {[%clk 0:00:07]} 60. Kc4 {[%clk 0:00:07]} Nb5
{[%clk 0:00:06]} 61. c6+ {[%clk 0:00:07]} Kc7 {[%clk 0:00:05]} 62. cxb7
{[%clk 0:00:08]} Nd6+ {[%clk 0:00:06]} 63. Rxd6 {[%clk 0:00:08]} 1-0

[Event "Wroclaw"]
[Site "?"]
[Date "2020.08.27"]
[Round "7.6"]
[White "Lichorad, Mateusz"]
[Black "Baum, Jonasz"]
[Result "0-1"]
[BlackElo "2187"]
[WhiteElo "1656"]
[LiveChessVersion "1.4.8"]

1. d4 {[%clk 0:03:03]} e6 {[%clk 0:03:03]} 2. g3 {[%clk 0:03:04]} c5
{[%clk 0:03:03]} 3. Bg2 {[%clk 0:02:59]} cxd4 {[%clk 0:03:02]} 4. Nf3
{[%clk 0:02:57]} Nf6 {[%clk 0:02:54]} 5. O-O {[%clk 0:02:54]} Nc6
{[%clk 0:02:39]} 6. Nxd4 {[%clk 0:02:51]} Bc5 {[%clk 0:02:13]} 7. Nb3
{[%clk 0:02:50]} Bb6 {[%clk 0:02:12]} 8. Nc3 {[%clk 0:02:42]} d5 {[%clk 0:02:03]}
9. Na4 {[%clk 0:02:23]} Bc7 {[%clk 0:02:03]} 10. h3 {[%clk 0:02:19]} O-O
{[%clk 0:02:01]} 11. Bg5 {[%clk 0:02:12]} h6 {[%clk 0:01:58]} 12. Be3
{[%clk 0:02:13]} e5 {[%clk 0:01:47]} 13. c3 {[%clk 0:01:59]} Bf5 {[%clk 0:01:35]}
14. Nac5 {[%clk 0:01:47]} b6 {[%clk 0:01:30]} 15. Nd3 {[%clk 0:01:41]} Qd7
{[%clk 0:01:23]} 16. g4 {[%clk 0:01:38]} Bg6 {[%clk 0:01:12]} 17. a4
{[%clk 0:01:33]} h5 {[%clk 0:01:05]} 18. g5 {[%clk 0:01:35]} Ne4 {[%clk 0:01:05]}
19. Nd2 {[%clk 0:01:15]} Nxd2 {[%clk 0:00:55]} 20. Qxd2 {[%clk 0:01:16]} Rad8
{[%clk 0:00:41]} 21. a5 {[%clk 0:01:03]} Nxa5 {[%clk 0:00:41]} 22. Qd1
{[%clk 0:00:39]} Bf5 {[%clk 0:00:40]} 23. h4 {[%clk 0:00:37]} Bh3
{[%clk 0:00:41]} 24. f3 {[%clk 0:00:35]} Bxg2 {[%clk 0:00:40]} 25. Kxg2
{[%clk 0:00:36]} Nc4 {[%clk 0:00:39]} 26. Bc1 {[%clk 0:00:36]} e4
{[%clk 0:00:35]} 27. Nf2 {[%clk 0:00:36]} exf3+ {[%clk 0:00:33]} 28. exf3
{[%clk 0:00:37]} Qd6 {[%clk 0:00:28]} 29. Rh1 {[%clk 0:00:26]} Rfe8
{[%clk 0:00:26]} 30. Rh3 {[%clk 0:00:22]} Bb8 {[%clk 0:00:23]} 31. b3
{[%clk 0:00:15]} Na5 {[%clk 0:00:23]} 32. Qc2 {[%clk 0:00:12]} Qc6
{[%clk 0:00:20]} 33. Bd2 {[%clk 0:00:07]} d4 {[%clk 0:00:21]} 34. c4
{[%clk 0:00:07]} d3 {[%clk 0:00:19]} 35. Qb2 {[%clk 0:00:06]} Re2
{[%clk 0:00:16]} 36. Qc3 {[%clk 0:00:05]} Be5 {[%clk 0:00:17]} 37. Qc1
{[%clk 0:00:05]} Bxa1 {[%clk 0:00:18]} 38. Qxa1 {[%clk 0:00:05]} Rxd2
{[%clk 0:00:19]} 0-1

[Event "Wroclaw"]
[Site "?"]
[Date "2020.08.27"]
[Round "7.7"]
[White "Gorkiewicz, Mateusz"]
[Black "Turski, Bartlomiej"]
[Result "1-0"]
[BlackElo "1929"]
[WhiteElo "1738"]
[LiveChessVersion "1.4.8"]

1. e4 {[%clk 0:03:03]} c5 {[%clk 0:03:03]} 2. Nf3 {[%clk 0:03:03]} Nc6
{[%clk 0:03:04]} 3. d4 {[%clk 0:03:04]} cxd4 {[%clk 0:03:05]} 4. Nxd4
{[%clk 0:03:04]} Nf6 {[%clk 0:03:06]} 5. Nc3 {[%clk 0:03:04]} d6 {[%clk 0:03:07]}
6. Be2 {[%clk 0:03:02]} e5 {[%clk 0:03:05]} 7. Nxc6 {[%clk 0:03:02]} bxc6
{[%clk 0:03:06]} 8. Qd3 {[%clk 0:03:02]} Be7 {[%clk 0:02:18]} 9. Qg3
{[%clk 0:03:02]} g6 {[%clk 0:01:50]} 10. Bh6 {[%clk 0:02:47]} Be6
{[%clk 0:01:33]} 11. O-O {[%clk 0:02:42]} Qb6 {[%clk 0:01:01]} 12. b3
{[%clk 0:02:37]} Qb4 {[%clk 0:00:12]} 13. a3 {[%clk 0:02:02]} Qb6 14. Kh1
{[%clk 0:01:58]} Rg8 {[%clk 0:00:10]} 15. f4 {[%clk 0:01:55]} exf4
{[%clk 0:00:10]} 16. Qxf4 {[%clk 0:01:48]} Nd7 {[%clk 0:00:07]} 17. Bg5
{[%clk 0:01:27]} Bxg5 {[%clk 0:00:05]} 18. Qxg5 {[%clk 0:01:28]} Ne5
{[%clk 0:00:06]} 19. Rad1 {[%clk 0:01:24]} Rd8 {[%clk 0:00:07]} 20. Qf4
{[%clk 0:01:10]} Rd7 {[%clk 0:00:06]} 21. h3 {[%clk 0:01:07]} Kd8
{[%clk 0:00:06]} 22. Na4 {[%clk 0:01:01]} Qb7 {[%clk 0:00:06]} 23. Qf6+
{[%clk 0:00:52]} Kc8 {[%clk 0:00:05]} 24. Nc5 {[%clk 0:00:48]} dxc5
{[%clk 0:00:06]} 25. Qxe5 {[%clk 0:00:47]} Qb6 {[%clk 0:00:07]} 26. Rxd7
{[%clk 0:00:45]} Kxd7 {[%clk 0:00:08]} 27. Rd1+ {[%clk 0:00:45]} Kc8
{[%clk 0:00:09]} 28. Qd6 {[%clk 0:00:37]} Re8 {[%clk 0:00:06]} 29. a4
{[%clk 0:00:32]} a5 {[%clk 0:00:07]} 30. Kh2 {[%clk 0:00:28]} Qc7
{[%clk 0:00:08]} 31. Qxc7+ {[%clk 0:00:28]} Kxc7 {[%clk 0:00:10]} 32. Bf3
{[%clk 0:00:28]} Bd7 {[%clk 0:00:08]} 33. Kg3 {[%clk 0:00:29]} Re5
{[%clk 0:00:09]} 34. Kf4 {[%clk 0:00:28]} f6 {[%clk 0:00:10]} 35. g4
{[%clk 0:00:28]} Be6 {[%clk 0:00:11]} 36. Rd2 {[%clk 0:00:26]} h6
{[%clk 0:00:08]} 37. h4 {[%clk 0:00:26]} g5+ {[%clk 0:00:09]} 38. hxg5
{[%clk 0:00:27]} hxg5+ {[%clk 0:00:10]} 39. Kg3 {[%clk 0:00:27]} Bf7 40. Rh2
{[%clk 0:00:23]} Bg6 {[%clk 0:00:10]} 41. Rh6 {[%clk 0:00:19]} Bxe4
{[%clk 0:00:11]} 42. Rxf6 {[%clk 0:00:19]} Bxc2 {[%clk 0:00:09]} 43. Rxc6+
{[%clk 0:00:19]} Kd7 {[%clk 0:00:10]} 44. Rb6 {[%clk 0:00:12]} Re3
{[%clk 0:00:09]} 45. Kf2 {[%clk 0:00:09]} Rxb3 {[%clk 0:00:10]} 46. Ra6
{[%clk 0:00:08]} Rb2 {[%clk 0:00:10]} 47. Rxa5 Bxa4+ {[%clk 0:00:10]} 48. Ke3
{[%clk 0:00:08]} Rb3+ {[%clk 0:00:11]} 49. Kf2 {[%clk 0:00:09]} Bc6
{[%clk 0:00:11]} 50. Ra7+ {[%clk 0:00:09]} Rb7 {[%clk 0:00:10]} 51. Rxb7+
{[%clk 0:00:10]} Bxb7 {[%clk 0:00:12]} 52. Bxb7 Kd6 53. Ke3 {[%clk 0:00:11]} Ke5
{[%clk 0:00:15]} 54. Ba6 {[%clk 0:00:11]} Kd5 {[%clk 0:00:16]} 55. Kd3
{[%clk 0:00:11]} Ke5 {[%clk 0:00:17]} 56. Kc4 {[%clk 0:00:10]} Kd6
{[%clk 0:00:18]} 57. Bb7 {[%clk 0:00:11]} Ke5 {[%clk 0:00:17]} 58. Kxc5
{[%clk 0:00:11]} Kf4 {[%clk 0:00:18]} 59. Bc8 {[%clk 0:00:12]} Kg3
{[%clk 0:00:20]} 60. Bf5 {[%clk 0:00:13]} Kf4 {[%clk 0:00:21]} 61. Kd6
{[%clk 0:00:14]} Kg3 {[%clk 0:00:22]} 62. Ke6 {[%clk 0:00:15]} 1-0

[Event "Wroclaw"]
[Site "?"]
[Date "2020.08.27"]
[Round "7.8"]
[White "Poltorak, Sebastian"]
[Black "Panek, Bartosz"]
[Result "1-0"]
[BlackElo "1762"]
[WhiteElo "1841"]
[LiveChessVersion "1.4.8"]

1. e4 {[%clk 0:03:02]} c5 {[%clk 0:03:02]} 2. Nc3 {[%clk 0:03:03]} e6
{[%clk 0:03:03]} 3. g3 {[%clk 0:03:01]} d5 {[%clk 0:02:47]} 4. Bg2
{[%clk 0:02:58]} dxe4 {[%clk 0:02:04]} 5. Nxe4 {[%clk 0:02:58]} Be7
{[%clk 0:02:05]} 6. Ne2 {[%clk 0:02:53]} Nf6 {[%clk 0:02:06]} 7. d3
{[%clk 0:02:50]} Nxe4 {[%clk 0:02:00]} 8. Bxe4 {[%clk 0:02:51]} O-O
{[%clk 0:01:53]} 9. O-O {[%clk 0:02:50]} Nd7 {[%clk 0:01:53]} 10. f4
{[%clk 0:02:46]} Nf6 {[%clk 0:01:49]} 11. Bf3 {[%clk 0:02:45]} Rb8
{[%clk 0:01:41]} 12. Nc3 {[%clk 0:02:44]} b6 {[%clk 0:01:38]} 13. a4
{[%clk 0:02:40]} Bb7 {[%clk 0:01:37]} 14. a5 {[%clk 0:02:30]} b5 {[%clk 0:01:25]}
15. Be3 {[%clk 0:01:55]} a6 {[%clk 0:01:13]} 16. Qe2 {[%clk 0:01:50]} Bxf3
{[%clk 0:00:50]} 17. Qxf3 {[%clk 0:01:50]} Nd5 {[%clk 0:00:51]} 18. Nxd5
{[%clk 0:01:45]} exd5 {[%clk 0:00:51]} 19. d4 {[%clk 0:01:46]} c4
{[%clk 0:00:50]} 20. f5 {[%clk 0:01:43]} Bg5 {[%clk 0:00:47]} 21. Rae1
{[%clk 0:01:38]} Re8 {[%clk 0:00:46]} 22. Bf4 {[%clk 0:01:21]} Bxf4
{[%clk 0:00:44]} 23. Qxf4 {[%clk 0:01:22]} Qf6 {[%clk 0:00:37]} 24. g4
{[%clk 0:01:22]} h6 {[%clk 0:00:33]} 25. Re5 {[%clk 0:01:19]} Rxe5
{[%clk 0:00:26]} 26. dxe5 {[%clk 0:01:20]} Qg5 {[%clk 0:00:27]} 27. Qxg5
{[%clk 0:01:09]} hxg5 {[%clk 0:00:28]} 28. Rd1 {[%clk 0:01:10]} Rd8
{[%clk 0:00:27]} 29. c3 {[%clk 0:01:07]} g6 {[%clk 0:00:24]} 30. Kf2
{[%clk 0:01:07]} Kf8 {[%clk 0:00:22]} 31. Ke3 {[%clk 0:01:07]} Ke7
{[%clk 0:00:21]} 32. Kd4 {[%clk 0:01:07]} Rh8 {[%clk 0:00:22]} 33. Rd2
{[%clk 0:01:07]} gxf5 {[%clk 0:00:21]} 34. gxf5 {[%clk 0:01:08]} Rh4+
{[%clk 0:00:14]} 35. Kxd5 {[%clk 0:01:07]} Rf4 {[%clk 0:00:15]} 36. f6+
{[%clk 0:01:03]} Kd7 {[%clk 0:00:15]} 37. e6+ {[%clk 0:01:00]} Ke8
{[%clk 0:00:16]} 38. Ke5 {[%clk 0:00:57]} Rf1 {[%clk 0:00:09]} 39. e7
{[%clk 0:00:57]} 1-0

[Event "Wroclaw"]
[Site "?"]
[Date "2020.08.27"]
[Round "7.9"]
[White "Gradalski, Olaf"]
[Black "Bachor, Tomasz"]
[Result "1/2-1/2"]
[BlackElo "1812"]
[WhiteElo "1425"]
[LiveChessVersion "1.4.8"]

1. e4 {[%clk 0:03:02]} c5 {[%clk 0:03:04]} 2. c3 {[%clk 0:03:03]} g6
{[%clk 0:03:02]} 3. Nf3 {[%clk 0:03:03]} Bg7 {[%clk 0:03:02]} 4. d4
{[%clk 0:03:03]} cxd4 {[%clk 0:03:03]} 5. cxd4 {[%clk 0:03:04]} d5
{[%clk 0:03:04]} 6. e5 {[%clk 0:03:05]} Bg4 {[%clk 0:03:04]} 7. Bb5+
{[%clk 0:03:05]} Nd7 {[%clk 0:03:00]} 8. Nc3 {[%clk 0:02:48]} e6 {[%clk 0:02:59]}
9. Bg5 {[%clk 0:02:38]} Bxf3 {[%clk 0:02:11]} 10. Bxd7+ {[%clk 0:02:39]} Qxd7
{[%clk 0:02:01]} 11. Qxf3 {[%clk 0:02:39]} Ne7 {[%clk 0:01:58]} 12. Bxe7
{[%clk 0:02:21]} Qxe7 {[%clk 0:01:57]} 13. O-O {[%clk 0:02:19]} O-O
{[%clk 0:01:53]} 14. Qd3 {[%clk 0:02:18]} f6 {[%clk 0:01:40]} 15. f4
{[%clk 0:02:09]} fxe5 {[%clk 0:01:37]} 16. fxe5 {[%clk 0:02:07]} a6
{[%clk 0:01:36]} 17. Rxf8+ {[%clk 0:02:04]} Rxf8 {[%clk 0:01:36]} 18. Rf1
{[%clk 0:01:55]} Bh6 {[%clk 0:01:34]} 1/2-1/2

[Event "Wroclaw"]
[Site "?"]
[Date "2020.08.27"]
[Round "8.1"]
[White "Skurniak, Szymon"]
[Black "Luczak, Filip"]
[Result "1/2-1/2"]
[BlackElo "1891"]
[WhiteElo "1963"]
[LiveChessVersion "1.4.8"]

1. e4 {[%clk 0:03:03]} c5 {[%clk 0:03:03]} 2. b3 {[%clk 0:03:05]} g6
{[%clk 0:03:02]} 3. Bb2 {[%clk 0:03:06]} Nf6 {[%clk 0:03:03]} 4. e5
{[%clk 0:03:07]} Nd5 {[%clk 0:03:04]} 5. g3 {[%clk 0:03:08]} Bg7 {[%clk 0:03:01]}
6. Bg2 {[%clk 0:03:09]} Nc7 {[%clk 0:02:55]} 7. f4 {[%clk 0:03:10]} O-O
{[%clk 0:02:46]} 8. Nf3 {[%clk 0:03:11]} d5 {[%clk 0:02:37]} 9. d4
{[%clk 0:02:59]} cxd4 {[%clk 0:02:15]} 10. Nxd4 {[%clk 0:03:00]} Nc6
{[%clk 0:02:12]} 11. O-O {[%clk 0:03:00]} Nxd4 {[%clk 0:01:45]} 12. Qxd4
{[%clk 0:03:01]} Bf5 {[%clk 0:01:22]} 13. Qd2 {[%clk 0:03:02]} Rc8
{[%clk 0:01:03]} 14. Nc3 {[%clk 0:03:02]} d4 {[%clk 0:00:51]} 15. Ne2
{[%clk 0:02:50]} Ne6 {[%clk 0:00:34]} 16. Rac1 {[%clk 0:02:44]} d3
{[%clk 0:00:21]} 17. cxd3 {[%clk 0:02:38]} Qxd3 {[%clk 0:00:18]} 18. Qxd3
{[%clk 0:02:22]} Bxd3 19. Rfe1 Bxe2 {[%clk 0:00:12]} 20. Rxe2 {[%clk 0:02:13]}
Rxc1+ {[%clk 0:00:12]} 21. Bxc1 {[%clk 0:02:14]} Rc8 {[%clk 0:00:13]} 22. Ba3
{[%clk 0:02:14]} Nd4 {[%clk 0:00:07]} 23. Rd2 {[%clk 0:02:09]} Nf5
{[%clk 0:00:04]} 24. Bxb7 {[%clk 0:02:07]} Rc7 {[%clk 0:00:03]} 25. Be4
{[%clk 0:02:00]} h5 {[%clk 0:00:04]} 26. Kf2 {[%clk 0:01:43]} Bh6
{[%clk 0:00:04]} 27. Bb2 {[%clk 0:01:34]} a5 {[%clk 0:00:03]} 28. Rc2
{[%clk 0:01:32]} Rd7 {[%clk 0:00:05]} 29. Bc3 {[%clk 0:01:30]} Ra7
{[%clk 0:00:06]} 30. Rd2 {[%clk 0:01:28]} Bg7 {[%clk 0:00:06]} 31. Rd8+
{[%clk 0:01:27]} Kh7 {[%clk 0:00:07]} 32. Rd5 {[%clk 0:01:21]} a4
{[%clk 0:00:07]} 33. Ra5 {[%clk 0:01:21]} Rc7 {[%clk 0:00:08]} 34. Bd2
{[%clk 0:01:12]} axb3 {[%clk 0:00:07]} 35. axb3 {[%clk 0:01:14]} e6
{[%clk 0:00:05]} 36. Ra8 {[%clk 0:01:03]} Nd4 {[%clk 0:00:06]} 37. b4
{[%clk 0:01:03]} Rc4 {[%clk 0:00:04]} 38. Bd3 {[%clk 0:01:02]} Rc7
{[%clk 0:00:05]} 39. Be3 {[%clk 0:01:03]} Nf5 {[%clk 0:00:04]} 40. Bxf5
{[%clk 0:01:04]} gxf5 {[%clk 0:00:04]} 41. b5 {[%clk 0:01:05]} Rc2+
{[%clk 0:00:04]} 42. Kg1 {[%clk 0:01:02]} Rb2 {[%clk 0:00:03]} 43. b6
{[%clk 0:01:03]} h4 {[%clk 0:00:04]} 44. Bf2 {[%clk 0:01:00]} h3 {[%clk 0:00:05]}
45. Bd4 {[%clk 0:00:55]} Rg2+ {[%clk 0:00:06]} 46. Kh1 {[%clk 0:00:56]} Rd2
{[%clk 0:00:06]} 47. Bg1 {[%clk 0:00:54]} Rb2 {[%clk 0:00:06]} 48. Rb8
{[%clk 0:00:50]} f6 {[%clk 0:00:07]} 49. b7 {[%clk 0:00:45]} fxe5
{[%clk 0:00:07]} 50. fxe5 {[%clk 0:00:46]} Bxe5 {[%clk 0:00:08]} 51. Re8
{[%clk 0:00:45]} Rxb7 {[%clk 0:00:06]} 52. Rxe6 {[%clk 0:00:47]} Bg7
{[%clk 0:00:06]} 53. Re1 {[%clk 0:00:38]} Kg6 {[%clk 0:00:07]} 54. Rf1
{[%clk 0:00:39]} Rb2 {[%clk 0:00:08]} 55. Be3 {[%clk 0:00:41]} Re2
{[%clk 0:00:08]} 56. Bf4 {[%clk 0:00:42]} Bd4 {[%clk 0:00:08]} 57. Bd6
{[%clk 0:00:39]} Kg5 {[%clk 0:00:08]} 58. Bf4+ {[%clk 0:00:40]} Kg4
{[%clk 0:00:08]} 59. Bd6 {[%clk 0:00:41]} Bf2 {[%clk 0:00:08]} 60. Bf4
{[%clk 0:00:41]} Bd4 {[%clk 0:00:06]} 61. Bd6 {[%clk 0:00:42]} Be3
{[%clk 0:00:07]} 62. Bf4 {[%clk 0:00:37]} Bxf4 {[%clk 0:00:06]} 63. Rxf4+
{[%clk 0:00:38]} Kg5 {[%clk 0:00:07]} 64. Rf1 {[%clk 0:00:39]} Kg4
{[%clk 0:00:06]} 65. Rf4+ {[%clk 0:00:40]} Kg5 {[%clk 0:00:07]} 66. Rf1
{[%clk 0:00:41]} Kg4 {[%clk 0:00:08]} 1/2-1/2

[Event "Wroclaw"]
[Site "?"]
[Date "2020.08.27"]
[Round "8.2"]
[White "Koziorowicz, Michal"]
[Black "Niedbala, Bartlomiej"]
[Result "1-0"]
[BlackElo "2131"]
[WhiteElo "2061"]
[LiveChessVersion "1.4.8"]

1. e4 c5 2. Nf3 {[%clk 0:03:03]} d6 {[%clk 0:03:06]} 3. Bb5+ {[%clk 0:03:04]} Bd7
{[%clk 0:03:04]} 4. Bxd7+ {[%clk 0:03:05]} Qxd7 {[%clk 0:03:06]} 5. O-O
{[%clk 0:03:05]} Nc6 {[%clk 0:03:04]} 6. c3 {[%clk 0:03:05]} Nf6 {[%clk 0:02:58]}
7. Re1 {[%clk 0:03:06]} e6 {[%clk 0:03:00]} 8. d4 {[%clk 0:03:07]} cxd4
{[%clk 0:03:01]} 9. cxd4 {[%clk 0:03:09]} d5 {[%clk 0:02:48]} 10. e5
{[%clk 0:03:10]} Ne4 {[%clk 0:02:50]} 11. Nbd2 {[%clk 0:03:11]} Nxd2
{[%clk 0:02:50]} 12. Bxd2 {[%clk 0:03:12]} Be7 {[%clk 0:02:49]} 13. Rc1
{[%clk 0:03:13]} O-O {[%clk 0:02:50]} 14. a3 {[%clk 0:03:14]} Rfc8
{[%clk 0:02:50]} 15. Rc3 {[%clk 0:03:15]} Nd8 {[%clk 0:02:43]} 16. Rd3
{[%clk 0:03:16]} Qb5 {[%clk 0:02:24]} 17. Bc3 {[%clk 0:03:17]} Nc6
{[%clk 0:02:16]} 18. h4 {[%clk 0:03:18]} Na5 {[%clk 0:02:01]} 19. Nh2
{[%clk 0:02:24]} Nc4 {[%clk 0:01:50]} 20. Qe2 {[%clk 0:01:56]} Kh8
{[%clk 0:01:28]} 21. Rf3 {[%clk 0:01:48]} Qe8 {[%clk 0:01:21]} 22. h5
{[%clk 0:01:46]} h6 {[%clk 0:01:07]} 23. Rg3 {[%clk 0:01:44]} Qg8
{[%clk 0:00:30]} 24. Qf3 {[%clk 0:01:32]} Rf8 {[%clk 0:00:31]} 25. Qf4
{[%clk 0:01:22]} Qh7 {[%clk 0:00:30]} 26. Nf3 {[%clk 0:01:18]} Rac8
{[%clk 0:00:25]} 27. Nd2 {[%clk 0:01:05]} Bg5 {[%clk 0:00:20]} 28. Rxg5
{[%clk 0:01:06]} hxg5 {[%clk 0:00:21]} 29. Qxg5 {[%clk 0:01:08]} Qh6
{[%clk 0:00:17]} 30. Qxh6+ {[%clk 0:01:03]} gxh6 {[%clk 0:00:19]} 31. Nxc4
{[%clk 0:00:55]} Rxc4 {[%clk 0:00:20]} 32. Re3 {[%clk 0:00:56]} Rg8
{[%clk 0:00:19]} 33. Rf3 {[%clk 0:00:54]} Kg7 {[%clk 0:00:18]} 34. Rf6
{[%clk 0:00:54]} Rh8 {[%clk 0:00:17]} 35. g4 {[%clk 0:00:52]} Rhc8
{[%clk 0:00:11]} 36. Rf3 {[%clk 0:00:47]} Rg8 {[%clk 0:00:08]} 37. Kg2
{[%clk 0:00:47]} Kf8 {[%clk 0:00:10]} 38. Kg3 {[%clk 0:00:47]} b6
{[%clk 0:00:08]} 39. Rf6 {[%clk 0:00:43]} Kg7 {[%clk 0:00:07]} 40. Kh4
{[%clk 0:00:41]} a5 {[%clk 0:00:08]} 41. f4 b5 42. g5 {[%clk 0:00:27]} b4
{[%clk 0:00:09]} 43. axb4 {[%clk 0:00:27]} axb4 {[%clk 0:00:11]} 44. gxh6+
{[%clk 0:00:25]} Kf8 {[%clk 0:00:12]} 45. Be1 {[%clk 0:00:21]} Rxd4
{[%clk 0:00:12]} 46. Bf2 {[%clk 0:00:15]} Rd1 {[%clk 0:00:11]} 47. Rg6
{[%clk 0:00:06]} fxg6 {[%clk 0:00:13]} 48. h7 Rh8 49. hxg6 {[%clk 0:00:07]} Kg7
{[%clk 0:00:15]} 50. Kg5 {[%clk 0:00:07]} Rf1 {[%clk 0:00:15]} 51. Bd4
{[%clk 0:00:07]} Rd1 {[%clk 0:00:16]} 52. Bc5 {[%clk 0:00:07]} Rc1
{[%clk 0:00:14]} 53. Bd4 {[%clk 0:00:03]} b3 {[%clk 0:00:15]} 54. f5
{[%clk 0:00:04]} exf5 {[%clk 0:00:16]} 55. e6+ {[%clk 0:00:05]} Kf8
{[%clk 0:00:16]} 56. g7+ {[%clk 0:00:06]} Ke7 {[%clk 0:00:18]} 57. gxh8=Q
{[%clk 0:00:07]} 1-0

[Event "Wroclaw"]
[Site "?"]
[Date "2020.08.27"]
[Round "8.3"]
[White "Ochedzan, Tymon"]
[Black "Kacprzak, Karol"]
[Result "0-1"]
[BlackElo "2012"]
[WhiteElo "1972"]
[LiveChessVersion "1.4.8"]

1. e4 {[%clk 0:03:04]} c5 {[%clk 0:03:04]} 2. Nf3 {[%clk 0:03:04]} d6
{[%clk 0:03:05]} 3. d4 {[%clk 0:03:05]} cxd4 {[%clk 0:03:06]} 4. Nxd4
{[%clk 0:03:06]} Nf6 {[%clk 0:03:07]} 5. Nc3 {[%clk 0:03:07]} a6 {[%clk 0:03:09]}
6. Bg5 {[%clk 0:03:06]} e6 {[%clk 0:03:10]} 7. f4 {[%clk 0:03:05]} Be7
{[%clk 0:03:10]} 8. Qf3 {[%clk 0:03:04]} Qc7 {[%clk 0:03:11]} 9. O-O-O
{[%clk 0:03:02]} Nbd7 {[%clk 0:03:12]} 10. g4 {[%clk 0:03:01]} Rb8
{[%clk 0:03:13]} 11. Bh4 {[%clk 0:02:50]} h6 {[%clk 0:03:05]} 12. Bg3
{[%clk 0:02:41]} b5 {[%clk 0:02:35]} 13. e5 {[%clk 0:02:04]} dxe5
{[%clk 0:02:30]} 14. Nc6 {[%clk 0:01:45]} Bb7 {[%clk 0:02:23]} 15. Bg2
{[%clk 0:01:30]} Rc8 {[%clk 0:01:38]} 16. fxe5 {[%clk 0:01:08]} Bxc6
{[%clk 0:01:18]} 17. Qxc6 {[%clk 0:00:44]} Qxc6 {[%clk 0:01:18]} 18. Bxc6
{[%clk 0:00:44]} Rxc6 {[%clk 0:01:19]} 19. exf6 {[%clk 0:00:45]} Nxf6
{[%clk 0:01:14]} 20. h3 {[%clk 0:00:36]} O-O {[%clk 0:01:14]} 21. Rh2
{[%clk 0:00:23]} Rfc8 {[%clk 0:01:13]} 22. Be5 {[%clk 0:00:16]} b4
{[%clk 0:00:44]} 23. Bxf6 {[%clk 0:00:15]} Bxf6 {[%clk 0:00:46]} 24. Ne4
{[%clk 0:00:17]} Be5 {[%clk 0:00:47]} 25. Rf2 {[%clk 0:00:17]} R6c7
{[%clk 0:00:29]} 26. h4 {[%clk 0:00:12]} Rc4 {[%clk 0:00:26]} 27. Nd6
{[%clk 0:00:11]} Bxd6 28. Rxd6 {[%clk 0:00:13]} Rxg4 {[%clk 0:00:27]} 29. Rxa6
{[%clk 0:00:13]} Rxh4 {[%clk 0:00:21]} 30. Ra7 {[%clk 0:00:12]} Rh1+
{[%clk 0:00:14]} 31. Kd2 Rd8+ 32. Ke2 {[%clk 0:00:12]} Rf8 {[%clk 0:00:10]} 33.
a4 {[%clk 0:00:13]} bxa3 {[%clk 0:00:11]} 34. bxa3 {[%clk 0:00:14]} g5
{[%clk 0:00:11]} 35. a4 {[%clk 0:00:15]} Ra1 {[%clk 0:00:11]} 36. Rh2
{[%clk 0:00:11]} Kg7 {[%clk 0:00:12]} 37. c4 {[%clk 0:00:10]} Ra2+
{[%clk 0:00:13]} 38. Kf3 {[%clk 0:00:12]} Rxh2 {[%clk 0:00:14]} 39. c5
{[%clk 0:00:13]} Rc8 {[%clk 0:00:15]} 40. Ra5 {[%clk 0:00:12]} Rc2
{[%clk 0:00:15]} 41. Ke4 {[%clk 0:00:13]} R2xc5 {[%clk 0:00:16]} 42. Ra7
{[%clk 0:00:11]} R8c7 {[%clk 0:00:17]} 43. Ra8 {[%clk 0:00:13]} Rc4+
{[%clk 0:00:19]} 44. Ke3 {[%clk 0:00:13]} Rc3+ {[%clk 0:00:20]} 45. Kd2
{[%clk 0:00:13]} Ra3 {[%clk 0:00:21]} 46. a5 {[%clk 0:00:14]} Rc5
{[%clk 0:00:22]} 0-1